header

Postmodern investment (Record no. 70405)

MARC details
000 -LEADER
fixed length control field 01307nam a2200325Ia 4500
100 1# - MAIN ENTRY--AUTHOR NAME
Personal name Crowder, Garry B.,
245 10 - TITLE STATEMENT
Title Postmodern investment
260 ## - PUBLICATION, DISTRIBUTION, ETC. (IMPRINT)
Place of publication Hoboken, N.J. :
Name of publisher John Wiley & Sons,
Year of publication c2013.
300 ## - PHYSICAL DESCRIPTION
Number of Pages xxi, 311 p.
650 #0 - SUBJECT ADDED ENTRY--TOPICAL TERM
Topical Term Investments.
Topical Term Portfolio management.
700 1# - ADDED ENTRY--PERSONAL NAME
Personal name Kazemi, Hossein,
Personal name Schneeweis, Thomas.
856 40 - ELECTRONIC LOCATION AND ACCESS
Uniform Resource Identifier http://site.ebrary.com/lib/rucke/Doc?id=10631326

No items available.

© 2026 Rongo University
Contact us: librarian | system librarian | Rongo university